00773nam a22002177a 450000500170000001000150001702000270003203500140005903700090007308200120008210000280009424500440012225000070016626000570017327000890023030000270031950000060034694200260035299900190037895201580039720241128110454.0 aENG-142698 c1070.00a9789361598289 aEN-126230 bDBAD a530213 aHewitt, Paul G. 974183 aConceptual Physics /cBy Paul G. Hewitt a13 aUttar PradeshbPearson India Education Pvt Ltdc2025 bUttar Pradesha1st FLoor, Berger Tower, Plot No. C-001A/2, Sector-16B, Noidae201301 a889p.c25cm(pb)bIndex a  2ddccENh530mHEWe13 c207110d207110 001040708NFICaDBADbDBADd2024-11-28eDelivery of Books Act Divisiong1070.00l0o530 HEWpEN-126230r2024-11-28 00:00:00t1v1070.00w2024-11-28yEN